Galéria by privítala širšiu spoluprácu

Bibliographic Details
Format: Article
Language:Slovak
PhysicalDescription:Fotogr.
Subjects:

MARC

LEADER 00000nab a2200000 ar4500
001 vtls008941321
003 SK-MaSNL
005 20260303070826.0
008 070131c2006 xo mr|p|||||||000 b|slo
038 |a SNSK 
040 |b slo  |c SNSK  |e AACR2 
041 |a slo 
044 |a xo  |c SK 
080 |a 727.7  |2 2001 
245 0 0 |a Galéria by privítala širšiu spoluprácu  |c [autor](bog) 
300 |b Fotogr. 
610 2 7 |a Galéria umelcov Spiša (Spišská Nová Ves, Slovensko)  |2 snsk  |9 30275 
650 0 7 |a činnosť  |2 snsk  |9 282874 
651 7 |a Spišská Nová Ves (Slovensko)  |2 snsk  |9 28800 
773 0 |t Novovešťan  |g Roč. II., č. 1 (2006), s. 8. 
852 |a SNSK  |b KIS3GCP 
999 |c 1757096  |d 1759026